LEADER 01172nam0-2200373---45-- 001 990000605450203316 010 $a88-7933-181-7 035 $a0060545 035 $aUSA010060545 035 $a(ALEPH)000060545USA01 035 $a0060545 100 $a20010717d2000----km-y1itay0103----ba 101 $aita 102 $aIT 105 $aa|||||||001yy 200 1 $aImpianti solari fotovoltaici a norme CEI$eguida per progettisti e installatori$fFrancesco Groppi, Carlo Zuccaro 210 $aMilano$cEditoriale Delfino$cUtet periodici$d[2000] 215 $a302 p.$cill.$d24 cm. 606 $aImpianti solari 606 $aSole$xEnergia$xImpiego nell'edilizia 606 $aSole$xEnergia$xUtilizzazione 676 $a697.78 700 1$aGROPPI,$bFrancesco$0340593 701 1$aZUCCARO,$bCarlo$0340594 801 0$aIT$bUNPD$gRICA 912 $a990000605450203316 951 $a697.78 GRO$b29713/G$c697$d00074525 959 $aBK 969 $aTEC 979 $aJOHNNY$b90$c20010903$lUSA01$h1619 979 $c20020403$lUSA01$h1710 979 $aPATRY$b90$c20040406$lUSA01$h1642 996 $aImpianti solari fotovoltaici a norme CEI$9328655 997 $aUNISA LEADER 00896nam2-2200325---450- 001 990003692280203316 005 20120927113911.0 035 $a000369228 035 $aUSA01000369228 035 $a(ALEPH)000369228USA01 035 $a000369228 100 $a20120927d1940----km-y0itay50------ba 101 $aita 102 $aIT 105 $aa---||||001yy 200 1 $a<<4:>> Impianti$fEnzo Carlevaro 210 $aNapoli$cPietro Torquato$d1940 215 $a255 p.$cill.$d25 cm 461 1$1001000369217$12001$aCorso teorico pratico di fisica tecnica 606 0 $aImpianti$2BNCF 676 $a644 700 1$aCARLEVARO,$bEnzo$0384 801 0$aIT$bsalbc$gISBD 912 $a990003692280203316 951 $a536.7 CAR 1 4$b22410 Ing.$c536.7$d00316667 959 $aBK 969 $aTEC 979 $aIANNONE$b90$c20120927$lUSA01$h1139 996 $aImpianti$91142434 997 $aUNISA